| 000 | 00747nam a22001817a 4500 | ||
|---|---|---|---|
| 999 |
_c15010 _d15010 |
||
| 003 | OSt | ||
| 082 | _2631.56 ABH/ST | ||
| 088 | _aP 259 | ||
| 100 |
_aABHA G _aANU S. RAJ _aRESHMA M _93881 |
||
| 245 | _aStudies on feasibility of cocoa (Theobroma cacao L.) fermentation inside a polyhouse | ||
| 260 |
_aTavanur 2013 _bDepartment of Post Harvest Technology and Agricultural Processing |
||
| 300 | _a62 | ||
| 500 | _aStudies on feasibility of cocoa (Theobroma cacao L.) fermentation inside a polyhouse | ||
| 520 | _aStudies on feasibility of cocoa (Theobroma cacao L.) fermentation inside a polyhouse | ||
| 700 |
_aDr. Santhi Mary Mathew (Guide) _93359 |
||
| 856 | _uhttps://drive.google.com/open?id=1XuUNB4Err2dnk4AYWnjjSfcCMdG0T4ga | ||
| 942 | _cPR | ||